[Event "DEN-chT 9798"]
[Site "Denmark"]
[Date "1998.03.15"]
[Round "7.2"]
[White "Pedersen, Erik"]
[Black "Fuglsang, Flemming"]
[Result "1-0"]
[WhiteElo "2400"]
[BlackElo "2275"]
[PlyCount "53"]
[EventDate "1997.11.02"]
[EventType "team-tourn"]
[EventRounds "7"]
[EventCountry "DEN"]
[SourceTitle "EXT 2023"]
[Source "ChessBase"]
[SourceDate "2022.10.05"]
[SourceVersion "1"]
[SourceVersionDate "2022.10.05"]
[SourceQuality "1"]
[WhiteTeam "Aarhus"]
[BlackTeam "Copenhagen K41"]
[WhiteTeamCountry "DEN"]
[BlackTeamCountry "DEN"]

1. f4 d5 2. Nf3 Nf6 3. e3 g6 4. b4 Bg7 5. Bb2 Bg4 6. Be2 Bxf3 7. Bxf3 c6 8. a4 0-0 9. Na3 Nbd7 10. 0-0 a5 11. b5 Nc5 12. c4 Nd3 13. Bc3 Nb4 14. Qb1 e6 15. d4 dxc4 16. Nxc4 Nfd5 17. Bd2 c5 18. dxc5 Qe7 19. Ne5 Bxe5 20. fxe5 Qxc5 21. Rc1 Qb6 22. Qb3 Rfd8 23. Kh1 Rac8 24. e4 Rxc1+ 25. Rxc1 Nf4 26. Be3 Rd3 27. Qxd3 1-0

[Event "DEN-chT 9798"]
[Site "Denmark"]
[Date "1998.03.14"]
[Round "6.2"]
[White "Fuglsang, Flemming"]
[Black "Berg, Klaus"]
[Result "0-1"]
[WhiteElo "2275"]
[BlackElo "2410"]
[PlyCount "90"]
[EventDate "1997.11.02"]
[EventType "team-tourn"]
[EventRounds "7"]
[EventCountry "DEN"]
[SourceTitle "EXT 2023"]
[Source "ChessBase"]
[SourceDate "2022.10.05"]
[SourceVersion "1"]
[SourceVersionDate "2022.10.05"]
[SourceQuality "1"]
[WhiteTeam "Copenhagen K41"]
[BlackTeam "Sydostfyn"]
[WhiteTeamCountry "DEN"]
[BlackTeamCountry "DEN"]

1. e4 c6 2. d4 d5 3. e5 Bf5 4. Nf3 e6 5. Be2 Ne7 6. 0-0 h6 7. b3 c5 8. c4 dxc4 9. Na3 Nbc6 10. Nb5 Nc8 11. bxc4 a6 12. d5 exd5 13. cxd5 axb5 14. Bxb5 N8a7 15. dxc6 Nxb5 16. cxb7 Rb8 17. Qa4 Rxb7 18. Rd1 Qb6 19. Bd2 Be7 20. Qf4 Bh7 21. a4 Nc7 22. a5 Qa6 23. Qa4+ Rb5 24. Be3 0-0 25. Rd7 Rd8 26. e6 Rxd7 27. exd7 Ne6 28. Ne5 Bd8 29. Qc4 Rb1+ 30. Rxb1 Qxc4 31. Nxc4 Bxb1 32. a6 Be4 33. f3 Ba8 34. f4 f5 35. g4 g6 36. h4 fxg4 37. Ne5 Kg7 38. h5 Bc7 39. hxg6 Bxe5 40. fxe5 Bc6 41. Bxc5 Bxd7 42. a7 Bc6 43. Be3 Kxg6 44. Kf2 h5 45. Kg3 Kf5 0-1

[Event "DEN-ch cand"]
[Site "Taastrup"]
[Date "1998.??.??"]
[Round "1"]
[White "Fuglsang, Flemming"]
[Black "Fries Nielsen, Jens Ove"]
[Result "1/2-1/2"]
[WhiteElo "2280"]
[BlackElo "2395"]
[PlyCount "135"]
[EventDate "1998.??.??"]
[EventType "swiss"]
[EventRounds "7"]
[EventCountry "DEN"]
[SourceTitle "EXT 2000"]
[Source "ChessBase"]
[SourceDate "1999.11.16"]
[SourceVersion "1"]
[SourceVersionDate "1999.11.16"]
[SourceQuality "1"]

1. e4 g6 2. d4 Bg7 3. Nc3 c6 4. Nf3 d5 5. h3 Nh6 6. Bf4 f6 7. Qd2 Nf7 8. exd5 cxd5 9. Bb5+ Nc6 10. 0-0 0-0 11. Rfe1 g5 12. Bg3 e6 13. Rad1 Ne7 14. Bd3 Nf5 15. Ne2 N7d6 16. Bxd6 Qxd6 17. c3 h5 18. Qc2 h4 19. c4 dxc4 20. Bxc4 b5 21. Bb3 Kh8 22. Nc3 Qb6 23. Qe4 Bb7 24. Qg4 Rae8 25. Ne4 Nh6 26. Qh5 Qc7 27. Nc5 Bxf3 28. Qxf3 Re7 29. Qh5 Qd6 30. Qg6 Rfe8 31. Bc2 f5 32. Qxg5 Rf8 33. Nd3 Rf6 34. Nf4 Kh7 35. Qxh4 Bh8 36. Re5 Rf8 37. Rxb5 Bf6 38. Qg3 Rg7 39. Qf3 Rfg8 40. g3 Rg5 41. d5 e5 42. Nh5 Be7 43. h4 e4 44. Bxe4 Rxh5 45. Qxh5 fxe4 46. Rb3 Bd8 47. Re1 Bb6 48. Rxb6 Qxb6 49. Qe5 Qxf2+ 50. Kxf2 Ng4+ 51. Kg2 Nxe5 52. Rxe4 Nd3 53. Re7+ Kg6 54. Rxa7 Kf5 55. Rf7+ Ke5 56. h5 Nxb2 57. h6 Kxd5 58. h7 Rh8 59. g4 Ke6 60. Rb7 Nc4 61. g5 Kf5 62. Rg7 Ne5 63. a4 Ng6 64. a5 Nf4+ 65. Kf1 Ne6 66. Rb7 Nxg5 67. a6 Nxh7 68. a7 1/2-1/2

[Event "DEN-chT 9798"]
[Site "Denmark"]
[Date "1997.11.16"]
[Round "3.2"]
[White "Sorensen, Jan"]
[Black "Fuglsang, Flemming"]
[Result "1/2-1/2"]
[WhiteElo "2395"]
[BlackElo "2275"]
[PlyCount "94"]
[EventDate "1997.11.02"]
[EventType "team-tourn"]
[EventRounds "7"]
[EventCountry "DEN"]
[SourceTitle "EXT 2023"]
[Source "ChessBase"]
[SourceDate "2022.10.05"]
[SourceVersion "1"]
[SourceVersionDate "2022.10.05"]
[SourceQuality "1"]
[WhiteTeam "Skolerne"]
[BlackTeam "Copenhagen K41"]
[WhiteTeamCountry "DEN"]
[BlackTeamCountry "DEN"]

1. e4 c5 2. Nf3 Nc6 3. Nc3 g6 4. d4 cxd4 5. Nxd4 Bg7 6. Nb3 Nf6 7. Be2 0-0 8. 0-0 d6 9. Kh1 a5 10. a4 Be6 11. Bg5 Rc8 12. f4 Nb4 13. Nd4 Bc4 14. Ndb5 Qb6 15. Bxc4 Rxc4 16. Qe2 Rfc8 17. Rad1 Qc5 18. f5 Nc6 19. Bxf6 Bxf6 20. fxg6 hxg6 21. Nxd6 exd6 22. Rxf6 Rd4 23. Rdf1 Ne5 24. Nb5 Rxa4 25. Nxd6 Rc6 26. Nxb7 Qxc2 27. Qxc2 Rxc2 28. Rb6 Rb4 29. Rxb4 axb4 30. b3 Rc3 31. Rb1 Nd3 32. Kg1 Nc1 33. Na5 Rc2 34. Nc4 Nxb3 35. Rxb3 Rxc4 36. Re3 Kf8 37. Kf2 Ke7 38. Kf3 Rc3 39. Rxc3 bxc3 40. Ke3 Ke6 41. Kd3 Ke5 42. Kxc3 Kxe4 43. Kd2 f5 44. Ke2 g5 45. Kf2 g4 46. Kg3 Ke3 47. h3 gxh3 1/2-1/2

[Event "DEN-chT 9798"]
[Site "Denmark"]
[Date "1997.11.15"]
[Round "2.2"]
[White "Fuglsang, Flemming"]
[Black "Aagaard, Jacob"]
[Result "0-1"]
[WhiteElo "2275"]
[BlackElo "2440"]
[PlyCount "90"]
[EventDate "1997.11.02"]
[EventType "team-tourn"]
[EventRounds "7"]
[EventCountry "DEN"]
[SourceTitle "EXT 2023"]
[Source "ChessBase"]
[SourceDate "2022.10.05"]
[SourceVersion "1"]
[SourceVersionDate "2022.10.05"]
[SourceQuality "1"]
[WhiteTeam "Copenhagen K41"]
[BlackTeam "Gistrup"]
[WhiteTeamCountry "DEN"]
[BlackTeamCountry "DEN"]

1. c4 c5 2. Nc3 Nf6 3. g3 e6 4. Nf3 b6 5. Bg2 Bb7 6. 0-0 a6 7. Re1 Be7 8. e4 d6 9. d4 cxd4 10. Nxd4 Qc7 11. b3 0-0 12. Bb2 Nbd7 13. Rc1 Rac8 14. h3 Rfe8 15. Kh2 Bf8 16. Qd2 Qb8 17. f4 g6 18. Qf2 Bg7 19. Rcd1 e5 20. fxe5 Nxe5 21. Kg1 Nfd7 22. Nde2 b5 23. cxb5 Nc5 24. Nf4 axb5 25. Bf1 f5 26. Bxb5 fxe4 27. Re3 Rf8 28. Qe2 Nf3+ 29. Rxf3 exf3 30. Qe7 f2+ 31. Kxf2 Rf7 32. Bc4 d5 33. Rxd5 Nd3+ 34. Rxd3 Rxc4 35. Qxf7+ Kxf7 36. bxc4 Bc6 37. Bc1 Qb4 38. Nfd5 Qxc4 39. Rf3+ Ke8 40. Rf4 Qd3 41. Re4+ Kd7 42. Re7+ Kd8 43. Be3 Bd4 44. Re4 Qd2+ 45. Kf3 Bxe3 0-1

[Event "Copenhagen Aruna"]
[Site "Copenhagen"]
[Date "1997.05.04"]
[Round "3"]
[White "Fuglsang, Flemming"]
[Black "Petursson, Margeir"]
[Result "0-1"]
[WhiteElo "2275"]
[BlackElo "2565"]
[PlyCount "48"]
[EventDate "1997.04.02"]
[EventType "tourn"]
[EventRounds "9"]
[EventCountry "DEN"]
[EventCategory "10"]
[SourceTitle "CBM 059"]
[Source "ChessBase"]
[SourceDate "1997.08.01"]
[SourceVersion "1"]
[SourceVersionDate "1997.08.01"]
[SourceQuality "1"]

1. e4 c5 2. Nf3 Nc6 3. Nc3 g6 4. d4 cxd4 5. Nxd4 Bg7 6. Nb3 Nf6 7. Be2 0-0 8. 0-0 d6 9. Be3 Be6 10. f4 Rc8 11. f5 Bd7 12. g4 Ne5 13. g5 Rxc3 14. bxc3 Nxe4 15. fxg6 hxg6 16. Qe1 Nxc3 17. Bd4 Nxe2+ 18. Qxe2 Qc8 19. Rf4 Bc6 20. Qf1 Nf3+ 21. Kf2 Nxd4 22. Nxd4 Bd5 23. Qb5 Bxd4+ 24. Rxd4 Qf5+ 0-1

[Event "Copenhagen Aruna"]
[Site "Copenhagen"]
[Date "1997.05.02"]
[Round "1"]
[White "Fuglsang, Flemming"]
[Black "Sokolov, Andrei2222"]
[Result "0-1"]
[WhiteElo "2275"]
[BlackElo "2480"]
[PlyCount "102"]
[EventDate "1997.04.02"]
[EventType "tourn"]
[EventRounds "9"]
[EventCountry "DEN"]
[EventCategory "10"]
[SourceTitle "CBM 059"]
[Source "ChessBase"]
[SourceDate "1997.08.01"]
[SourceVersion "1"]
[SourceVersionDate "1997.08.01"]
[SourceQuality "1"]

1. e4 e6 2. d4 c5 3. d5 exd5 4. exd5 d6 5. Nc3 Nf6 6. Bb5+ Nbd7 7. a4 a6 8. Be2 Be7 9. Nf3 0-0 10. 0-0 Re8 11. Re1 Nf8 12. Nd2 b6 13. Nc4 Ng6 14. Ra3 Rb8 15. Rb3 Bd7 16. Na3 Ra8 17. Bg5 h6 18. Bxf6 Bxf6 19. Nc4 Bxc3 20. bxc3 Bxa4 21. Rxb6 Bb5 22. Rb7 Nf4 23. Bf1 Rxe1 24. Qxe1 Nxd5 25. Qd2 Bc6 26. Rb1 Qc7 27. Be2 Rd8 28. Rd1 Nf6 29. Qf4 Qe7 30. Ne3 a5 31. Bd3 Be4 32. Ra1 Bxd3 33. cxd3 Ra8 34. Ra4 d5 35. h3 Qd7 36. Ra1 a4 37. Nf5 Qe6 38. Ra3 Kh7 39. Qf3 Qe1+ 40. Kh2 Qc1 41. Ra2 Qxc3 42. Qg3 Nd7 43. f4 Qf6 44. Ne3 Nb6 45. Qf3 Qe6 46. g3 Re8 47. Ng4 d4 48. Rf2 Qd5 49. Qd1 a3 50. Ne5 a2 51. Rf1 Ra8 0-1

[Event "DEN-chT 9697"]
[Site "Denmark"]
[Date "1997.02.02"]
[Round "5.4"]
[White "Fuglsang, Flemming"]
[Black "Hansen, Gunnar West"]
[Result "1-0"]
[WhiteElo "2285"]
[BlackElo "2260"]
[PlyCount "65"]
[EventDate "1996.11.03"]
[EventType "team-tourn"]
[EventRounds "7"]
[EventCountry "DEN"]
[SourceTitle "EXT 2023"]
[Source "ChessBase"]
[SourceDate "2022.10.05"]
[SourceVersion "1"]
[SourceVersionDate "2022.10.05"]
[SourceQuality "1"]
[WhiteTeam "Copenhagen K41"]
[BlackTeam "Copenhagen 34"]
[WhiteTeamCountry "DEN"]
[BlackTeamCountry "DEN"]

1. e4 g6 2. d4 Bg7 3. Nc3 c6 4. Nf3 d5 5. h3 Nf6 6. e5 Ne4 7. Bd3 Nxc3 8. bxc3 c5 9. dxc5 0-0 10. 0-0 Nd7 11. Re1 Nxc5 12. Be3 b6 13. Rb1 Qc7 14. Qc1 Bb7 15. Bh6 f5 16. Bxg7 Kxg7 17. Rb4 Ne4 18. Nd4 Qxc3 19. Ne6+ Kf7 20. Nxf8 Qxb4 21. Nxh7 Rh8 22. Bxe4 Rxh7 23. c3 Qc5 24. Bf3 Rh4 25. Qg5 Re4 26. Bxe4 dxe4 27. e6+ Kg7 28. Rd1 Bd5 29. h4 Bxe6 30. h5 Bf7 31. Rd7 Qxc3 32. Rxe7 Qf6 33. h6+ 1-0

[Event "Koge op-A"]
[Site "Koge"]
[Date "1997.??.??"]
[Round "8"]
[White "Drazic, Sinisa"]
[Black "Fuglsang, Flemming"]
[Result "1-0"]
[WhiteElo "2445"]
[BlackElo "2275"]
[PlyCount "67"]
[EventDate "1997.??.??"]
[EventType "swiss"]
[EventRounds "9"]
[EventCountry "DEN"]
[SourceTitle "EXT 2000"]
[Source "ChessBase"]
[SourceDate "1999.11.16"]
[SourceVersion "1"]
[SourceVersionDate "1999.11.16"]
[SourceQuality "1"]

1. e4 c5 2. Nf3 d6 3. Nc3 Nc6 4. d4 cxd4 5. Nxd4 Nf6 6. f4 e5 7. Nf3 Be7 8. Bd3 0-0 9. 0-0 a6 10. Kh1 Qc7 11. Qe1 exf4 12. Bxf4 Ne5 13. Nd4 Re8 14. Bxe5 dxe5 15. Qg3 Qb6 16. Nb3 Be6 17. h3 Rac8 18. Qxe5 Bxb3 19. axb3 Bd6 20. Qf5 Bb8 21. Nd5 Qd6 22. Nxf6+ gxf6 23. g3 Rc5 24. Qxf6 Qd7 25. Kg2 Be5 26. Qg5+ Kh8 27. Qf5 Qd8 28. g4 Qh4 29. Qf2 Qe7 30. Qxf7 Qd8 31. Rad1 Rc8 32. Qh5 Qb6 33. Rf7 h6 34. Qf5 1-0

[Event "Politiken Cup 18th"]
[Site "Copenhagen"]
[Date "1996.??.??"]
[Round "3"]
[White "Dahl Pedersen, Hans"]
[Black "Fuglsang, Flemming"]
[Result "1/2-1/2"]
[WhiteElo "2185"]
[BlackElo "2285"]
[PlyCount "106"]
[EventDate "1996.06.??"]
[EventType "swiss"]
[EventRounds "11"]
[EventCountry "DEN"]
[SourceTitle "CBM 054 Extra"]
[Source "ChessBase"]
[SourceDate "1996.11.01"]
[SourceVersion "1"]
[SourceVersionDate "1996.11.01"]
[SourceQuality "1"]

1. Nf3 c5 2. g3 g6 3. Bg2 Bg7 4. d3 Nc6 5. 0-0 Nf6 6. e4 0-0 7. Nc3 d6 8. h3 Rb8 9. Bg5 h6 10. Be3 b5 11. Qd2 Kh7 12. Kh2 b4 13. Ne2 e5 14. Nfg1 Ng8 15. Rfd1 Nge7 16. c3 Qb6 17. d4 bxc3 18. dxc5 dxc5 19. bxc3 Rd8 20. Qc1 Be6 21. Qa3 Rxd1 22. Rxd1 Qb2 23. Bxc5 Qxa3 24. Bxa3 Bxa2 25. Ra1 Bc4 26. Nc1 Bf6 27. Nf3 Rd8 28. Bc5 Rd1 29. Be3 Nc8 30. Nd2 Be6 31. Ncb3 Rxa1 32. Nxa1 a5 33. Bf1 Bg5 34. Bxg5 hxg5 35. Bc4 Bxc4 36. Nxc4 N8a7 37. Nb3 Nb5 38. Nbxa5 Nxa5 39. Nxa5 Nxc3 40. Nc4 f6 41. f3 Kg7 42. Kg2 Kf7 43. Kf2 Ke6 44. Ne3 f5 45. exf5+ gxf5 46. Ng2 e4 47. f4 gxf4 48. Nxf4+ Ke5 49. Ke3 Nd1+ 50. Ke2 Nb2 51. Ng6+ Kf6 52. Nf4 Nc4 53. g4 fxg4 1/2-1/2

[Event "Politiken Cup 18th"]
[Site "Copenhagen"]
[Date "1996.??.??"]
[Round "10"]
[White "Fuglsang, Flemming"]
[Black "Nielsen, Jacob Woge"]
[Result "1/2-1/2"]
[WhiteElo "2285"]
[BlackElo "2150"]
[PlyCount "102"]
[EventDate "1996.06.??"]
[EventType "swiss"]
[EventRounds "11"]
[EventCountry "DEN"]
[SourceTitle "CBM 054 Extra"]
[Source "ChessBase"]
[SourceDate "1996.11.01"]
[SourceVersion "1"]
[SourceVersionDate "1996.11.01"]
[SourceQuality "1"]

1. e4 Nf6 2. e5 Nd5 3. Nc3 Nxc3 4. bxc3 d6 5. f4 c5 6. d4 dxe5 7. fxe5 Nc6 8. Nf3 Bg4 9. Be3 e6 10. Rb1 cxd4 11. cxd4 Bb4+ 12. Kf2 0-0 13. Kg3 Bxf3 14. gxf3 Bc3 15. Rxb7 Nxd4 16. Bd3 Qd5 17. Be4 Nf5+ 18. Kf2 Nxe3 19. Kxe3 Qc5+ 20. Ke2 Qxe5 21. Kf1 Rad8 22. Bd3 a5 23. Qe2 Rb8 24. Qxe5 Bxe5 25. Ra7 Bc3 26. Ke2 g6 27. Rc7 Rfc8 28. Rxc8+ Rxc8 29. Rb1 Rc5 30. Rb5 Re5+ 31. Rxe5 Bxe5 32. h3 Kf8 33. Bb5 Ke7 34. Kd3 Kd6 35. Be8 f6 36. Kc4 g5 37. Kb5 Bc3 38. Kc4 Be1 39. a3 f5 40. Kb5 Bc3 41. Kc4 Bd2 42. Kb5 Bc1 43. a4 Bd2 44. c4 Bb4 45. Bf7 e5 46. Bg8 h5 47. Bh7 g4 48. fxg4 hxg4 49. hxg4 fxg4 50. Kb6 g3 51. Be4 Ba3 1/2-1/2

[Event "Politiken Cup 18th"]
[Site "Copenhagen"]
[Date "1996.??.??"]
[Round "7"]
[White "Schneider, Stefan"]
[Black "Fuglsang, Flemming"]
[Result "1-0"]
[WhiteElo "2225"]
[BlackElo "2285"]
[PlyCount "82"]
[EventDate "1996.06.??"]
[EventType "swiss"]
[EventRounds "11"]
[EventCountry "DEN"]
[SourceTitle "CBM 054 Extra"]
[Source "ChessBase"]
[SourceDate "1996.11.01"]
[SourceVersion "1"]
[SourceVersionDate "1996.11.01"]
[SourceQuality "1"]

1. d4 Nf6 2. Bg5 Ne4 3. Bf4 d5 4. Nd2 Bf5 5. e3 e6 6. Ngf3 Bd6 7. Bxd6 Qxd6 8. Nh4 Bg6 9. Nxg6 hxg6 10. g3 Qb4 11. Rb1 Qa5 12. a3 Nd7 13. c3 Nxd2 14. Qxd2 Nf6 15. Bg2 0-0-0 16. 0-0 Rh6 17. b4 Qb6 18. c4 dxc4 19. Qe2 g5 20. Qxc4 g4 21. a4 Rdh8 22. a5 Qd6 23. Qc5 Rxh2 24. Qxd6 cxd6 25. Rfc1+ Kb8 26. a6 bxa6 27. b5 a5 28. b6 Nd5 29. bxa7+ Kxa7 30. Rc6 R2h5 31. Rxd6 Rb8 32. Rd7+ Ka8 33. Ra1 Rb7 34. Rd8+ Ka7 35. Rxa5+ Kb6 36. Bxd5 Rc7 37. Rc5 exd5 38. Rdxd5 Rxd5 39. Rxd5 g6 40. Rg5 Rc6 41. Rxg4 Kb5 1-0

[Event "Taastrup"]
[Site "Taastrup"]
[Date "1995.??.??"]
[Round "4"]
[White "Fuglsang, Flemming"]
[Black "Brinck Claussen, Bjorn"]
[Result "0-1"]
[WhiteElo "2265"]
[BlackElo "2370"]
[PlyCount "72"]
[EventDate "1995.??.??"]
[EventType "tourn"]
[EventRounds "9"]
[EventCountry "DEN"]
[EventCategory "5"]
[SourceTitle "EXT 1997"]
[Source "ChessBase"]
[SourceDate "1996.11.15"]
[SourceVersion "1"]
[SourceVersionDate "1996.11.15"]
[SourceQuality "1"]

1. e4 e6 2. d4 d5 3. e5 c5 4. c3 Nc6 5. Nf3 Qb6 6. a3 c4 7. g3 Na5 8. Nbd2 Bd7 9. h4 f5 10. h5 Be7 11. Rb1 Nh6 12. Bg2 0-0-0 13. b4 cxb3 14. Bf1 Ba4 15. c4 Nf7 16. Bb2 g5 17. cxd5 exd5 18. Bd3 Nh6 19. Ng1 Kb8 20. Ne2 Rhf8 21. Bc3 Ng4 22. 0-0 Nc4 23. Bxc4 dxc4 24. Nxc4 Qa6 25. Ne3 Bb5 26. Rb2 Nxe5 27. d5 Nf3+ 28. Kg2 g4 29. Re1 Bxa3 30. Rxb3 Nxe1+ 31. Qxe1 Bxe2 32. Qb1 Bc5 33. Nc2 Bf3+ 34. Kg1 Bxf2+ 35. Kxf2 Qe2+ 36. Kg1 Qg2# 0-1

[Event "Taastrup"]
[Site "Taastrup"]
[Date "1995.??.??"]
[Round "6"]
[White "Fuglsang, Flemming"]
[Black "Hove, Esben Kjems"]
[Result "1/2-1/2"]
[WhiteElo "2265"]
[BlackElo "2295"]
[PlyCount "93"]
[EventDate "1995.??.??"]
[EventType "tourn"]
[EventRounds "9"]
[EventCountry "DEN"]
[EventCategory "5"]
[SourceTitle "EXT 1997"]
[Source "ChessBase"]
[SourceDate "1996.11.15"]
[SourceVersion "1"]
[SourceVersionDate "1996.11.15"]
[SourceQuality "1"]

1. c4 Nf6 2. Nc3 e6 3. e4 d6 4. d4 Be7 5. f4 b6 6. Nf3 Bb7 7. Bd3 c5 8. d5 exd5 9. cxd5 0-0 10. e5 Nxd5 11. Nxd5 Bxd5 12. Bxh7+ Kxh7 13. Qxd5 Nd7 14. exd6 Bh4+ 15. Kf1 Kg8 16. g3 Bf6 17. g4 Qc8 18. g5 Qa6+ 19. Kg2 Bd4 20. Kg3 Qd3 21. Qc6 Rad8 22. Qa4 Qe2 23. Qd1 Qf2+ 24. Kh3 Rfe8 25. Rf1 Qe2 26. Qxe2 Rxe2 27. Nxd4 cxd4 28. Rd1 Rc8 29. f5 Rc5 30. Rxd4 Re1 31. b4 Rc3+ 32. Kh4 Rcxc1 33. Rxc1 Rxc1 34. Re4 Rd1 35. Re8+ Nf8 36. Rd8 Rd4+ 37. Kg3 Rxb4 38. Kf3 Rd4 39. Ke3 Rd1 40. h4 f6 41. a4 a6 42. Ra8 b5 43. Rxa6 bxa4 44. g6 Rd5 45. Kf4 a3 46. Rxa3 Rxd6 47. Ra8 1/2-1/2

[Event "Taastrup"]
[Site "Taastrup"]
[Date "1995.??.??"]
[Round "9"]
[White "Hoi, Carsten"]
[Black "Fuglsang, Flemming"]
[Result "1/2-1/2"]
[WhiteElo "2440"]
[BlackElo "2265"]
[PlyCount "137"]
[EventDate "1995.??.??"]
[EventType "tourn"]
[EventRounds "9"]
[EventCountry "DEN"]
[EventCategory "5"]
[SourceTitle "EXT 1997"]
[Source "ChessBase"]
[SourceDate "1996.11.15"]
[SourceVersion "1"]
[SourceVersionDate "1996.11.15"]
[SourceQuality "1"]

1. d4 Nf6 2. Nf3 d5 3. c4 e6 4. Nc3 Bb4 5. e3 c5 6. Bd3 0-0 7. 0-0 Nc6 8. a3 Bxc3 9. bxc3 dxc4 10. Bxc4 Qc7 11. Bb5 b6 12. Bb2 Bb7 13. h3 Rad8 14. Qe2 e5 15. Rac1 e4 16. Bxc6 Qxc6 17. Ne5 Qa4 18. c4 Ne8 19. dxc5 f6 20. c6 Ba6 21. Nd7 Rf7 22. Qd1 Qxc6 23. Nxf6+ Qxf6 24. Bxf6 Rxd1 25. Rfxd1 gxf6 26. Rd8 Re7 27. c5 bxc5 28. Rxc5 Kf7 29. g4 Be2 30. Rcd5 Ng7 31. Kh2 a6 32. Kg3 Bb5 33. h4 Rc7 34. Rh8 Rc1 35. Rxh7 Kg6 36. Rh8 Rg1+ 37. Kh2 Rxg4 38. h5+ Kf7 39. Rc5 Ne6 40. Rcc8 Ng5 41. Rc1 Kg7 42. Rd8 Rh4+ 43. Kg3 Rh3+ 44. Kg2 Rxh5 45. Rc7+ Kg6 46. Rc2 Nf3 47. Kg3 Rg5+ 48. Kf4 Rf5+ 49. Kg3 Ne1 50. Ra2 Rf3+ 51. Kh2 Bc4 52. Rad2 Rf5 53. Kg3 Be6 54. f4 exf3 55. Kf2 Ng2 56. e4 Ra5 57. Kxf3 Nh4+ 58. Kg3 Rxa3+ 59. R2d3 Rxd3+ 60. Rxd3 Kg5 61. Rd6 Bc4 62. Rc6 Bd3 63. Rc5+ f5 64. exf5 Nxf5+ 65. Kf2 Kf4 66. Rd5 Be4 67. Ra5 Bd3 68. Rd5 Bc4 69. Rxf5+ 1/2-1/2

[Event "Politiken Cup 15th"]
[Site "Copenhagen"]
[Date "1993.??.??"]
[Round "7"]
[White "Borge, Nikolaj"]
[Black "Fuglsang, Flemming"]
[Result "1-0"]
[WhiteElo "2410"]
[BlackElo "2275"]
[PlyCount "127"]
[EventDate "1993.06.??"]
[EventType "swiss"]
[EventRounds "10"]
[EventCountry "DEN"]
[SourceTitle "EXT 1999"]
[Source "ChessBase"]
[SourceDate "1998.11.16"]
[SourceVersion "1"]
[SourceVersionDate "1998.11.16"]
[SourceQuality "1"]

1. e4 c6 2. d4 g6 3. Nc3 d5 4. e5 Bg7 5. h3 e6 6. Nf3 Ne7 7. Bd3 b6 8. 0-0 Ba6 9. Ne2 Bxd3 10. Qxd3 Nd7 11. c3 h6 12. Bd2 c5 13. g4 Qc7 14. Ng3 c4 15. Qc2 0-0-0 16. b3 h5 17. bxc4 hxg4 18. hxg4 Qxc4 19. Bg5 Rde8 20. Rfc1 Nc6 21. a4 Rh3 22. a5 Nxa5 23. Nd2 Qc6 24. c4 Kb7 25. c5 Nxc5 26. Rxa5 bxa5 27. Nb3 Ka8 28. Nxc5 Rb8 29. Be7 Rhh8 30. Bd6 Rb4 31. Ne2 Bf8 32. Nd3 Rc4 33. Qd2 Bxd6 34. exd6 Qxd6 35. Ne5 Rc7 36. Rxc7 Qxc7 37. Qf4 Qb7 38. Kg2 Qb1 39. Ng3 Qb7 40. Qf6 Rc8 41. g5 a4 42. Qf3 Rc7 43. Qa3 Qb3 44. Qf8+ Kb7 45. Nxf7 Ka6 46. Nd8 Qb6 47. Qe8 a3 48. Nxe6 Rc4 49. Nc5+ Ka5 50. Ne2 Rxc5 51. dxc5 Qxc5 52. Qe5 a2 53. Qb2 Qc4 54. Nd4 Qa4 55. Nb3+ Qxb3 56. Qxb3 a1Q 57. Qxd5+ Kb4 58. Qd6+ Kc4 59. Qxg6 a5 60. Qf7+ Kb4 61. g6 Qe5 62. g7 Qe4+ 63. Kg3 Qd3+ 64. f3 1-0

[Event "Politiken Cup 15th"]
[Site "Copenhagen"]
[Date "1993.??.??"]
[Round "6"]
[White "Fuglsang, Flemming"]
[Black "Christensen, Tobias"]
[Result "1/2-1/2"]
[WhiteElo "2275"]
[BlackElo "2380"]
[PlyCount "51"]
[EventDate "1993.06.??"]
[EventType "swiss"]
[EventRounds "10"]
[EventCountry "DEN"]
[SourceTitle "EXT 1999"]
[Source "ChessBase"]
[SourceDate "1998.11.16"]
[SourceVersion "1"]
[SourceVersionDate "1998.11.16"]
[SourceQuality "1"]

1. e4 c5 2. Nf3 e6 3. d4 d5 4. exd5 exd5 5. Bb5+ Nc6 6. 0-0 Nf6 7. Re1+ Be6 8. c4 Be7 9. cxd5 Nxd5 10. dxc5 Bxc5 11. Bxc6+ bxc6 12. Ng5 Qb6 13. Nxe6 fxe6 14. Rxe6+ Kf7 15. Re4 Rhd8 16. Nd2 Bxf2+ 17. Kh1 Nf6 18. Rf4 Kg8 19. Qe2 Bc5 20. Qe6+ Kh8 21. Rxf6 Re8 22. Qf5 gxf6 23. Qxf6+ Kg8 24. Nf3 Bd4 25. Qf5 Kh8 26. Bf4 1/2-1/2

[Event "Gladsaxe"]
[Site "Gladsaxe"]
[Date "1993.??.??"]
[Round "9"]
[White "Fuglsang, Flemming"]
[Black "Sinkbaek, Aage"]
[Result "1-0"]
[WhiteElo "2260"]
[BlackElo "2170"]
[PlyCount "107"]
[EventDate "1993.??.??"]
[EventType "swiss"]
[EventRounds "9"]
[EventCountry "DEN"]
[SourceTitle "EXT 2000"]
[Source "ChessBase"]
[SourceDate "1999.11.16"]
[SourceVersion "1"]
[SourceVersionDate "1999.11.16"]
[SourceQuality "1"]

1. e4 d6 2. d4 Nf6 3. Nc3 g6 4. Bc4 Bg7 5. Qe2 c6 6. e5 Nd5 7. Bd2 0-0 8. 0-0-0 Be6 9. Nf3 Nxc3 10. Bxc3 Bxc4 11. Qxc4 b5 12. Qe2 e6 13. Bb4 a5 14. Bxd6 Re8 15. Kb1 Nd7 16. h4 h6 17. h5 g5 18. Nh2 f5 19. g4 f4 20. Qe4 Nb6 21. Nf3 Nc4 22. Bc5 a4 23. Rh3 a3 24. b3 Na5 25. Rhh1 Nb7 26. Bb4 Rc8 27. Rd3 Kh8 28. Rc1 Rg8 29. c4 bxc4 30. Rxc4 Qd7 31. Bxa3 Nd8 32. Ra4 Nf7 33. Rc3 Rc7 34. Ra6 Rgc8 35. Rc2 Kg8 36. Bc5 Kh8 37. Nd2 Qd5 38. Qxd5 cxd5 39. b4 Nd8 40. Nb3 Kg8 41. f3 Kf7 42. Na5 Bf8 43. a3 Be7 44. Ra7 Rxa7 45. Bxa7 Rxc2 46. Kxc2 Ke8 47. Bc5 Bxc5 48. bxc5 Kd7 49. Kc3 Kc7 50. Kb4 Nf7 51. Kb5 Nd8 52. c6 Nf7 53. Nb7 Nh8 54. Nd6 1-0

[Event "Politiken Cup 15th"]
[Site "Copenhagen"]
[Date "1993.??.??"]
[Round "10"]
[White "Fuglsang, Flemming"]
[Black "Sobjerg, Erik"]
[Result "1-0"]
[WhiteElo "2275"]
[BlackElo "2270"]
[PlyCount "78"]
[EventDate "1993.06.??"]
[EventType "swiss"]
[EventRounds "10"]
[EventCountry "DEN"]
[SourceTitle "EXT 1999"]
[Source "ChessBase"]
[SourceDate "1998.11.16"]
[SourceVersion "1"]
[SourceVersionDate "1998.11.16"]
[SourceQuality "1"]

1. e4 e5 2. Bc4 Nf6 3. d3 Bc5 4. Nf3 d6 5. c3 Qe7 6. 0-0 0-0 7. Nbd2 c6 8. b4 Bb6 9. Bb3 Be6 10. Bc2 Nbd7 11. Nc4 Bc7 12. Ne3 d5 13. Re1 a5 14. Nh4 g6 15. g3 axb4 16. cxb4 d4 17. Nc4 b5 18. Na5 Qxb4 19. Nb3 Qe7 20. Bg5 Qd6 21. Qd2 Nh5 22. Bh6 Ng7 23. f4 f6 24. Qe2 Rf7 25. Rf1 c5 26. Nd2 c4 27. f5 gxf5 28. exf5 Bd5 29. Ne4 Qc6 30. a4 b4 31. dxc4 Bxc4 32. Qf3 Bd5 33. Rac1 Nc5 34. Rfe1 Nxe4 35. Bxe4 Bxe4 36. Rxe4 Qd5 37. Bxg7 Bb6 38. Bxf6 d3+ 39. Kg2 d2 1-0